000 01245cam a2200325 a 4500
001 15922043
005 20170105102919.0
008 090925s2010 nyu 001 0 eng
010 _a 2009039950
020 _a9781586486495
040 _aDLC
_cDLC
_dDLC
043 _aaw-----
_aa-iq---
050 0 0 _aDS59.S86
_bA66 2010
082 0 0 _a956.7044/3086914
_222
100 1 _aAmos, Deborah.
245 1 0 _aEclipse of the Sunnis :
_bpower, exile, and upheaval in the Middle East /
_cDeborah Amos.
250 _a1st ed.
260 _aNew York :
_bPublicAffairs,
_cc2010.
300 _axx, 230 p. ;
_c25 cm.
500 _aIncludes index.
650 0 _aSunnites
_zMiddle East
_xSocial conditions.
650 0 _aSunnites
_xSocial conditions
_zIraq.
650 0 _aIraq War, 2003-2011
_xRefugees
_zMiddle East.
650 0 _aIraq War, 2003-2011
_xSocial aspects.
650 0 _aSunnites
_xRelations
_xShīʻah.
650 0 _aShīʻah
_xRelations
_xSunnites.
906 _a7
_bcbc
_corignew
_d1
_eecip
_f20
_gy-gencatlg
942 _2ddc
_cBK
999 _c15515
_d15515